FUNDAMENTALS OF SOIL (Record no. 22785)

MARC details
000 -LEADER
fixed length control field 00286nam a22001337a 4500
003 - CONTROL NUMBER IDENTIFIER
control field SGT
020 ## - INTERNATIONAL STANDARD BOOK NUMBER
International Standard Book Number 978-93-272-5781-6
082 ## - DEWEY DECIMAL CLASSIFICATION NUMBER
Classification number 631.4
Item number SAH
100 ## - MAIN ENTRY--PERSONAL NAME
Personal name SAHAI, V.N.
245 ## - TITLE STATEMENT
Title FUNDAMENTALS OF SOIL
260 ## - PUBLICATION, DISTRIBUTION, ETC. (IMPRINT)
Place of publication, distribution, etc INDIA
Name of publisher, distributor, etc KALYANI
Year of Publication 2022
300 ## - PAGE DESCRIPTION
No. of Pages 242
942 ## - ADDED ENTRY ELEMENTS (KOHA)
Source of classification or shelving scheme Dewey Decimal Classification
Koha item type Books
942 ## - ADDED ENTRY ELEMENTS (KOHA)
-- 11
Holdings
Withdrawn status Lost status Source of classification or shelving scheme Damaged status Not for loan Collection code Home library Current library Shelving location Date acquired Vendor Name Cost, normal purchase price SGTU Bill Number Total Checkouts Full call number Accession No. (Barcode) Date last seen Date last borrowed Bill Date Koha item type
    Dewey Decimal Classification     SCIENCE SGT Science & Social Sciences Library SGT Science & Social Sciences Library Text Book 02/06/2022 ABC 250.00 SGTU 14476 2 631.4 SAH AG1768 13/01/2025 11/01/2025   Books
    Dewey Decimal Classification     SCIENCE SGT Science & Social Sciences Library SGT Science & Social Sciences Library Text Book 02/06/2022 ABC 250.00 SGTU 14476 2 631.4 SAH AG1769 15/01/2025 13/01/2025   Books
    Dewey Decimal Classification     SCIENCE SGT Science & Social Sciences Library SGT Science & Social Sciences Library Text Book 02/06/2022 ABC 250.00 SGTU 14476 1 631.4 SAH AG1770 21/04/2026 02/04/2026   Books
    Dewey Decimal Classification     SCIENCE SGT Science & Social Sciences Library SGT Science & Social Sciences Library Text Book 02/06/2022 ABC 250.00 SGTU 14476 1 631.4 SAH AG1771 07/09/2023 19/07/2023   Books
    Dewey Decimal Classification     SCIENCE SGT Science & Social Sciences Library SGT Science & Social Sciences Library Text Book 02/06/2022 ABC 250.00 SGTU 14476   631.4 SAH AG1772 02/06/2022     Books
    Dewey Decimal Classification     SCIENCE SGT Science & Social Sciences Library SGT Science & Social Sciences Library Text Book 02/06/2022 ABC 250.00 SGTU 14476 4 631.4 SAH AG1773 23/01/2024 02/01/2024   Books
    Dewey Decimal Classification     SCIENCE SGT Science & Social Sciences Library SGT Science & Social Sciences Library Text Book 02/06/2022 ABC 250.00 SGTU 14476 2 631.4 SAH AG1774 15/01/2025 13/01/2025   Books
    Dewey Decimal Classification     SCIENCE SGT Science & Social Sciences Library SGT Science & Social Sciences Library Text Book 02/06/2022 ABC 250.00 SGTU 14476   631.4 SAH AG1775 02/06/2022     Books